<?xml version="1.0" encoding="UTF-8"?><?xml-stylesheet type="text/xsl" href="static/style.xsl"?><OAI-PMH xmlns="http://www.openarchives.org/OAI/2.0/" xmlns:xsi="http://www.w3.org/2001/XMLSchema-instance" xsi:schemaLocation="http://www.openarchives.org/OAI/2.0/ http://www.openarchives.org/OAI/2.0/OAI-PMH.xsd"><responseDate>2026-04-14T18:30:15Z</responseDate><request verb="GetRecord" identifier="oai:uvadoc.uva.es:10324/7183" metadataPrefix="marc">https://uvadoc.uva.es/oai/request</request><GetRecord><record><header><identifier>oai:uvadoc.uva.es:10324/7183</identifier><datestamp>2021-11-08T08:45:45Z</datestamp><setSpec>com_10324_38</setSpec><setSpec>col_10324_787</setSpec></header><metadata><record xmlns="http://www.loc.gov/MARC21/slim" xmlns:doc="http://www.lyncode.com/xoai" xmlns:xsi="http://www.w3.org/2001/XMLSchema-instance" xmlns:dcterms="http://purl.org/dc/terms/" xsi:schemaLocation="http://www.loc.gov/MARC21/slim http://www.loc.gov/standards/marcxml/schema/MARC21slim.xsd">
<leader>00925njm 22002777a 4500</leader>
<datafield tag="042" ind1=" " ind2=" ">
<subfield code="a">dc</subfield>
</datafield>
<datafield tag="720" ind1=" " ind2=" ">
<subfield code="a">Utiel Monsálvez, Estefanía</subfield>
<subfield code="e">author</subfield>
</datafield>
<datafield tag="260" ind1=" " ind2=" ">
<subfield code="c">2012</subfield>
</datafield>
<datafield tag="520" ind1=" " ind2=" ">
<subfield code="a">Los gliomas cerebrales son lesiones ocupantes de espacio, tumores cerebrales que tienen como génesis la glia, pudiendo derivar de células astrocitarias, oligodendrocitos, neuroepiteliales entre otros. Los gliomas cerebrales suponen aproximadamente el 30-45% de los tumores cerebrales primarios, siendo el 85% glioblastoma multiforme, el más agresivo y común. Éstos, se caracterizan por ser infiltrantes, de rápido crecimiento, muy agresivo localmente y en la mayoría de las ocasiones unicéntricos y raramente metastatizantes.&#xd;
A pesar de la incorporación de nuevos tratamientos agresivos que combinan cirugía, radioterapia y quimioterapia el fracaso al tratamiento continúa siendo local, bien en forma de persistencia o de recidiva tumoral, coincidiendo con la localización primaria o en 2-3 cm. de tejido cerebral inmediatamente adyacente a la misma, obteniéndose medianas de supervivencia y supervivencia a 5 años en astrocitomas anaplásicos de 36 meses y 18%, y en glioblastoma multiforme de sólo 10 meses y menos del 5%, respectivamente.</subfield>
</datafield>
<datafield tag="024" ind2=" " ind1="8">
<subfield code="a">http://uvadoc.uva.es/handle/10324/7183</subfield>
</datafield>
<datafield ind1=" " ind2=" " tag="653">
<subfield code="a">Cerebro - Tumores</subfield>
</datafield>
<datafield tag="245" ind1="0" ind2="0">
<subfield code="a">Protocolo de actuación en gliomas cerebrales. Estudio preliminar</subfield>
</datafield>
</record></metadata></record></GetRecord></OAI-PMH>